000 01103nam a2200313 i 4500
001 192673
003 SpMaBN
005 20250804062652.0
008 230518s1992 sp | |||| ||spa
016 7 _abimoBNE19920949541
_2SpMaBN
017 _aB 6472-1992
_bOficina Depósito Legal Barcelona
020 _a8422639777
035 _a(OCoLC)433872616
040 _aSpMaBN
_bspa
_cES-MaACL
_erda
080 _a820(73)-31"19"
100 1 _aDunkel, Elizabeth
_eaut
_0XX911896
_9176538
245 1 0 _aToda mujer sueña con un poeta ruso /
_cElizabeth Dunkel ; traducción de Margarita Cavándoli
264 1 _aBarcelona :
_bCírculo de Lectores,
_c[1992]
300 _a396 páginas ;
_c23 cm
500 _aÍndice
655 0 _aNovelas
_9234319
700 0 _aCavándoli, Margarita,
_937156
_etrl
852 _aEs-MaACL
_bR.152262
_cDEPOJ
_hDonación: José Lázaro García
_jN-8304
_xEncuadernación: cartoné
_9199969
903 _9234219
_aLázaro García, José
_ednr
942 _cMONOGRAFIA
_n0
999 _c192673
_d192673